| 000 | 00000nam##2200000za#4500 |
| 001 | 9.578512 |
| 003 | CaOODSP |
| 005 | 20210624190125 |
| 007 | cr ||||||||||| |
| 008 | 150406|1987||||xxc|||||o f|0| 0 eng|d |
| 022 | |a1488-5379 |
| 040 | |aCaOODSP|beng |
| 043 | |an-cn--- |
| 086 | 1 |aFs97-6/1554E-PDF |
| 110 | 1 |aCanada. |bDepartment of Fisheries and Oceans. |
| 245 | 10|aEffects of acid precipitation on lake and river ecosystems in Quebec - review of Department of Fisheries and Oceans Research activities (1981-1985) |h[electronic resource] |
| 260 | |aMont-Joli - Quebec : |bFisheries and Oceans Canada |c1987. |
| 300 | |a78p.|bfigs., references, tables |
| 490 | 1 |aCanadian technical report of fisheries and aquatic sciences |x1488-5379|vNo. 1554 |
| 500 | |aOn t.p.: Institut Maurice Lamontagne, Mont Joli, Quebec. The catalogue number and ISSN for the print edition appear in the PDF version. |
| 546 | |a(Résumé en français) |
| 590 | |a14-02-Supp|b2014-01-08 |
| 775 | 08|tEffets des précipitations acides sur les écosystèmes lacustres et fluviaux du Québec - rétrospective des activités de recherche du Ministère des pêches et des Océans (1981-1985) / |w(CaOODSP)9.606516 |
| 830 | #0|aCanadian technical report of fisheries and aquatic sciences,|x1488-5379|vNo. 1554|w(CaOODSP)9.504449 |
| 856 | 40|ahttp://publications.gc.ca|qPDF|s3159 KB|uhttps://publications.gc.ca/collections/collection_2014/mpo-dfo/Fs97-6-1554-eng.pdf|yNo. 1554 |